London study keeps track on need for homes (Record no. 65104)

MARC details
000 -LEADER
fixed length control field 01407cam a2200205 4500
001 - CONTROL NUMBER
control field ABS63061
008 - FIXED-LENGTH DATA ELEMENTS--GENERAL INFORMATION
fixed length control field 000000n2000 000 0 eng u
035 ## - SYSTEM CONTROL NUMBER
System control number (Sirsi) u109008
100 ## - MAIN ENTRY--PERSONAL NAME
Personal name Fender, J.
245 ## - TITLE STATEMENT
Title London study keeps track on need for homes
260 ## - PUBLICATION, DISTRIBUTION, ETC.
Date of publication, distribution, etc. 2000
490 ## - SERIES STATEMENT
Series statement Planning (for the Natural and Built Environment)
Volume/sequential designation 13 October 2000, 12-13(2)
520 ## - SUMMARY, ETC.
Summary, etc. Guidelines on housing capacity in London were published at the end of 1999 by the London Planning Advisory Committee (LPAC). These were based on the results of a ground-breaking four-year housing capacity study. This study is the most comprehensive investigation conducted to date of future sources of housing supply in London. Sets out the methodology and background to the study, and describes its key results. One key finding was that housing densities are highest in central and inner London boroughs, and some metropolitan centres in outer London. The study offers some potentially useful lessons for other regions. "London's Housing Capacity" is available, priced £50, from Phil Garrood at the Greater London Authority: 020 7983 4323. Alternatively, an executive summary can be found on the GLA website at: www.london.gov.uk
590 ## - LOCAL NOTE (RLIN)
Local note ABS
650 ## - SUBJECT ADDED ENTRY--TOPICAL TERM
Topical term or geographic name entry element LONDON
650 ## - SUBJECT ADDED ENTRY--TOPICAL TERM
Topical term or geographic name entry element HOUSING CAPACITY
650 ## - SUBJECT ADDED ENTRY--TOPICAL TERM
Topical term or geographic name entry element LPAC
690 ## - LOCAL SUBJECT ADDED ENTRY--TOPICAL TERM (OCLC, RLIN)
Topical term or geographic name as entry element ENVIRONMENTAL AND LAND CONSULTANCY-PLANNING AND DEVELOPMENT
942 ## - ADDED ENTRY ELEMENTS (KOHA)
Suppress in OPAC 0
Holdings
Withdrawn status Lost status Source of classification or shelving scheme Damaged status Not for loan Home library Current library Shelving location Date acquired Total Checkouts Full call number Barcode Date last seen Copy number Price effective from Koha item type
    Dewey Decimal Classification     London London Journal article 27/10/2000   ABS63061 109008-1001 06/08/2019 1 06/08/2019 Journal article